Encyklika Pia XI. Quadragesimo anno : O vybudování společenského řádu a jeho zdokonalení podle zásad evangelia / přeložil Bedřich Vašek
Record details
- Physical Description: 63 s. ; 21 cm
- Edition: 2. vyd.
- Publisher: V Olomouci : Lidové knihkupectví v Olomouci, 1934
Content descriptions
| General Note: | Přeloženo z latiny |
Available copies
- 1 of 1 copy available at Common Catalog SPOK.
Holds
- 0 current holds with 1 total copy.
Show Only Available Copies
| Location | Call Number / Copy Notes | Barcode | Shelving Location | Status | Due Date |
|---|---|---|---|---|---|
| Jabok Library | EK-4.1.2/P | 424480009342 | Odborná literatura | Available | - |
| LDR | 01104nam a2200301 a 4500 | ||
|---|---|---|---|
| 001 | 10718 | ||
| 003 | CZ-PrJAB | ||
| 005 | 20180619150310.0 | ||
| 007 | ta | ||
| 008 | 990826s1934 xr 000 | cze | ||
| 015 | . | ‡acnb000945270 | |
| 020 | . | ‡q(Brož.) | |
| 035 | . | ‡a(CZ PrNK)bk193403000 | |
| 035 | . | ‡a(OCoLC)33273322 | |
| 040 | . | ‡aABA001 ‡bcze ‡cOLA001 ‡dABA001 | |
| 041 | 1 | . | ‡acze ‡hlat |
| 100 | 1 | . | ‡aPius ‡bXI., ‡cpapež, ‡d1857-1939 ‡7jn19981001987 ‡4aut |
| 240 | 1 | 0. | ‡aQuadragesimo anno. ‡lČesky ‡7kon2016929975 |
| 245 | 1 | 0. | ‡aEncyklika Pia XI. Quadragesimo anno : ‡bO vybudování společenského řádu a jeho zdokonalení podle zásad evangelia / ‡cpřeložil Bedřich Vašek |
| 246 | 3 | 0. | ‡aO vybudování společenského řádu a jeho zdokonalení podle zásad evangelia |
| 246 | 3 | 0. | ‡aQuadragesimo anno |
| 250 | . | ‡a2. vyd. | |
| 260 | . | ‡aV Olomouci : ‡bLidové knihkupectví v Olomouci, ‡c1934 | |
| 300 | . | ‡a63 s. ; ‡c21 cm | |
| 500 | . | ‡aPřeloženo z latiny | |
| 710 | 2 | . | ‡aKatolická církev. ‡bPapež (1922-1939 : Pius XI.) ‡7kn20020322018 ‡4aut |
| 700 | 1 | . | ‡aVašek, Bedřich, ‡d1882-1959 ‡7jk01141666 ‡4trl |
| 910 | . | ‡aABG312 | |
| 901 | . | ‡a10718 ‡bUnknown ‡c10718 ‡tbiblio | |